Paul McCartney Discography - Statistics

General Stats
  • This quiz has been taken 18 times
  • The average score is 66 of 258
Answer Stats
Year Album Song % Correct
1983 Pipes of Peace Say Say Say
69%
1982 Tug of War Ebony and Ivory
63%
1970 McCartney Junk
63%
1983 Pipes of Peace Pipes of Peace
63%
1971 Ram Ram On
63%
1971 Ram Ram On (Reprise)
63%
1971 Ram The Back Seat of My Car
63%
1982 Tug of War Tug of War
63%
1980 McCartney II Coming Up
56%
2018 Egypt Station Fuh You
56%
1971 Ram Heart of the Country
56%
1970 McCartney Maybe I'm Amazed
56%
2013 New New
56%
1980 McCartney II Temporary Secretary
56%
1970 McCartney The Lovely Linda
56%
1971 Ram Uncle Albert/Admiral Halsey
56%
1971 Singles Another Day
50%
2005 Chaos and Creation in the Backyard Fine Line
50%
1997 Flaming Pie Flaming Pie
50%
1993 Off the Ground Off the Ground
50%
1971 Ram Too Many People
50%
1983 Pipes of Peace Tug of Peace
50%
1982 Tug of War Wanderlust
50%
1984 Give My Regards to Broad Street Wanderlust
50%
1982 Tug of War Ballroom Dancing
44%
1984 Give My Regards to Broad Street Ballroom Dancing
44%
2001 Driving Rain Driving Rain
44%
1982 Tug of War Here Today
44%
1970 McCartney Momma Miss America
44%
1984 Give My Regards to Broad Street No More Lonely Nights
44%
1984 Give My Regards to Broad Street No More Lonely Nights (playout version)
44%
1984 Give My Regards to Broad Street No More Lonely Nights (reprise)
44%
1986 Press to Play Press
44%
1971 Ram Smile Away
44%
1982 Tug of War Take It Away
44%
1989 Flowers in the Dirt This One
44%
1980 McCartney II Waterfalls
44%
1997 Flaming Pie Young Boy
44%
2018 Egypt Station Come on to Me
38%
1971 Ram Dear Boy
38%
1970 McCartney Every Night
38%
1993 Off the Ground Hope of Deliverance
38%
1970 McCartney Hot as Sun/Glasses
38%
2001 Driving Rain I Do
38%
2018 Egypt Station I Don't Know
38%
2005 Chaos and Creation in the Backyard Jenny Wren
38%
1971 Ram Monkberry Moon Delight
38%
2007 Memory Almost Full Mr. Bellamy
38%
1989 Flowers in the Dirt My Brave Face
38%
2013 New Queenie Eye
38%
1970 McCartney Singalong Junk
38%
1970 McCartney Teddy Boy
38%
1989 Flowers in the Dirt We Got Married
38%
1982 Tug of War What's That You're Doing?
38%
1979 Singles Wonderful Christmastime
38%
1984 Give My Regards to Broad Street Yesterday
38%
1971 Ram 3 Legs
31%
2005 Chaos and Creation in the Backyard A Certain Softness
31%
2013 New Alligator
31%
2005 Chaos and Creation in the Backyard Anyway
31%
1983 Pipes of Peace Average Person
31%
1997 Flaming Pie Beautiful Night
31%
1997 Flaming Pie Calico Skies
31%
2007 Memory Almost Full Dance Tonight
31%
2018 Egypt Station Despite Repeated Warnings
31%
2018 Egypt Station Do It Now
31%
1984 Give My Regards to Broad Street Eleanor Rigby / Eleanor's Dream
31%
2005 Chaos and Creation in the Backyard English Tea
31%
2007 Memory Almost Full Ever Present Past
31%
2005 Chaos and Creation in the Backyard Follow Me
31%
1984 Give My Regards to Broad Street For No One
31%
2001 Driving Rain Freedom
31%
1980 McCartney II Frozen Jap
31%
1993 Off the Ground Golden Earth Girl
31%
1984 Give My Regards to Broad Street Good Day Sunshine
31%
2018 Egypt Station Happy with You
31%
2001 Driving Rain Heather
31%
1984 Give My Regards to Broad Street Here, There and Everywhere
31%
2013 New Hosanna
31%
2005 Chaos and Creation in the Backyard How Kind of You
31%
1971 Ram Long Haired Lady
31%
2012 Kisses on the Bottom My Valentine
31%
1986 Press to Play Only Love Remains
31%
2018 Egypt Station Opening Station
31%
2005 Chaos and Creation in the Backyard Promise to You Girl
31%
1989 Flowers in the Dirt Put It There
31%
2013 New Save Us
31%
1984 Give My Regards to Broad Street Silly Love Songs
31%
1984 Give My Regards to Broad Street Silly Love Songs (reprise)
31%
1983 Pipes of Peace So Bad
31%
1970 McCartney That Would Be Something
31%
1983 Pipes of Peace The Man
31%
1983 Pipes of Peace The Other Me
31%
1997 Flaming Pie The Song We Were Singing
31%
1997 Flaming Pie The World Tonight
31%
2005 Chaos and Creation in the Backyard Too Much Rain
31%
2005 Chaos and Creation in the Backyard At the Mercy
25%
1982 Tug of War Be What You See (Link)
25%
2018 Egypt Station Caesar Rock
25%
1993 Off the Ground C'Mon People
25%
2018 Egypt Station Confidante
25%
1982 Tug of War Dress Me Up as a Robber
25%
2013 New Early Days
25%
1971 Ram Eat at Home
25%
2020 McCartney III Find My Way
25%
1986 Press to Play Footprints
25%
2005 Chaos and Creation in the Backyard Friends to Go
25%
1982 Tug of War Get It
25%
2007 Memory Almost Full Gratitude
25%
1997 Flaming Pie Great Day
25%
1997 Flaming Pie Heaven on a Sunday
25%
2007 Memory Almost Full House of Wax
25%
2005 Chaos and Creation in the Backyard I've Only Got Two Hands
25%
1983 Pipes of Peace Keep Under Cover
25%
1997 Flaming Pie Little Willow
25%
2020 McCartney III Long Tailed Winter Bird
25%
2001 Driving Rain Magic
25%
1989 Flowers in the Dirt Motor of Love
25%
2007 Memory Almost Full Nod Your Head
25%
1984 Give My Regards to Broad Street Not Such a Bad Boy
25%
2013 New On My Way to Work
25%
1980 McCartney II On the Way
25%
1970 McCartney Oo You
25%
2005 Chaos and Creation in the Backyard Riding to Vanity Fair
25%
2013 New Road
25%
1999 Run Devil Run Run Devil Run
25%
2007 Memory Almost Full See Your Sunshine
25%
1982 Tug of War Somebody Who Cares
25%
1986 Press to Play Stranglehold
25%
2007 Memory Almost Full The End of the End
25%
2020 McCartney III The Kiss of Venus
25%
1982 Tug of War The Pound Is Sinking
25%
1997 Flaming Pie Used to Be Bad
25%
2018 Egypt Station Who Cares
25%
1988 CHOBA B CCCP Ain't That a Shame
19%
1986 Press to Play Angry
19%
2018 Egypt Station Back in Brazil
19%
1993 Off the Ground Biker Like an Icon
19%
1984 Give My Regards to Broad Street Corridor Music
19%
2020 McCartney III Deep Deep Feeling
19%
1989 Flowers in the Dirt Distractions
19%
2018 Egypt Station Dominoes
19%
2013 New Everybody Out There
19%
2007 Memory Almost Full Feet in the Clouds
19%
1989 Flowers in the Dirt Figure of Eight
19%
2001 Driving Rain From a Lover to a Friend
19%
1980 McCartney II Front Parlour
19%
1993 Off the Ground Get Out of My Way
19%
2018 Egypt Station Hand in Hand
19%
1983 Pipes of Peace Hey Hey
19%
2018 Egypt Station Hunt You Down/Naked/C-Link
19%
2013 New I Can Bet
19%
1997 Flaming Pie If You Wanna
19%
1993 Off the Ground I Owe It All to You
19%
1970 McCartney Kreen-Akrore
19%
2001 Driving Rain Lonely Road
19%
2013 New Looking at Her
19%
1993 Off the Ground Looking for Changes
19%
1970 McCartney Man We Was Lonely
19%
1993 Off the Ground Mistress and Maid
19%
1986 Press to Play Move Over Busker
19%
1980 McCartney II Nobody Knows
19%
1984 Give My Regards to Broad Street No Values
19%
1971 Singles Oh Woman, Oh Why
19%
1987 Singles Once Upon a Long Ago
19%
2007 Memory Almost Full Only Mama Knows
19%
2018 Egypt Station People Want Peace
19%
2020 McCartney III Pretty Boys
19%
1997 Flaming Pie Really Love You
19%
1999 Run Devil Run She Said Yeah
19%
2020 McCartney III Slidin'
19%
1997 Flaming Pie Somedays
19%
1997 Flaming Pie Souvenir
19%
1980 McCartney II Summer's Day Song
19%
1983 Pipes of Peace Sweetest Little Show
19%
1989 Flowers in the Dirt That Day Is Done
19%
2007 Memory Almost Full That Was Me
19%
1984 Give My Regards to Broad Street The Long and Winding Road
19%
1993 Off the Ground The Lovers That Never Were
19%
2005 Chaos and Creation in the Backyard This Never Happened Before
19%
1983 Pipes of Peace Through Our Love
19%
2001 Driving Rain Tiny Bubble
19%
1970 McCartney Valentine Day
19%
2007 Memory Almost Full Vintage Clothes
19%
1993 Off the Ground Winedark Open Sea
19%
2020 McCartney III Winter Bird/When Winter Comes
19%
2020 McCartney III Women and Wives
19%
2001 Driving Rain Your Way
19%
2007 Memory Almost Full You Tell Me
19%
2001 Driving Rain About You
13%
2012 Kisses on the Bottom Ac-Cent-Tchu-Ate the Positive
13%
1999 Run Devil Run All Shook Up
13%
2013 New Appreciate
13%
2001 Driving Rain Back in the Sunshine Again
13%
1980 McCartney II Bogey Music
13%
1999 Run Devil Run Brown Eyed Handsome Man
13%
2012 Kisses on the Bottom Bye Bye Blackbird
13%
1980 McCartney II Darkroom
13%
2020 McCartney III Deep Down
13%
1989 Flowers in the Dirt Don't Be Careless Love
13%
1988 CHOBA B CCCP Don't Get Around Much Anymore
13%
1986 Press to Play Good Times Coming/Feel the Sun
13%
2012 Kisses on the Bottom Home (When Shadows Fall)
13%
1999 Run Devil Run Honey Hush
13%
1986 Press to Play However Absurd
13%
1989 Flowers in the Dirt How Many People
13%
2012 Kisses on the Bottom I'm Gonna Sit Right Down and Write Myself a Letter
13%
2012 Kisses on the Bottom It's Only a Paper Moon
13%
1988 CHOBA B CCCP Kansas City
13%
2020 McCartney III Lavatory Lil
13%
1999 Run Devil Run Lonesome Town
13%
1988 CHOBA B CCCP Midnight Special
13%
1999 Run Devil Run Movie Magg
13%
1999 Run Devil Run No Other Baby
13%
1980 McCartney II One of These Days
13%
1999 Run Devil Run Party
13%
1993 Off the Ground Peace in the Neighbourhood
13%
1986 Press to Play Pretty Little Head
13%
2001 Driving Rain Riding into Jaipur
13%
2001 Driving Rain Rinse the Raindrops
13%
1989 Flowers in the Dirt Rough Ride
13%
1979 Singles Rudolph the Red-Nosed Reggae
13%
2020 McCartney III Seize the Day
13%
1999 Run Devil Run Shake a Hand
13%
2001 Driving Rain She's Given Up Talking
13%
2018 Egypt Station Station II
13%
1986 Press to Play Talk More Talk
13%
1999 Run Devil Run Try Not to Cry
13%
1988 CHOBA B CCCP Twenty Flight Rock
13%
1984 Singles We All Stand Together
13%
1984 Singles We All Stand Together (humming version)
13%
2001 Driving Rain Your Loving Flame
13%
1989 Flowers in the Dirt You Want Her Too
13%
2012 Kisses on the Bottom Always
6%
1987 Singles Back On My Feet
6%
1999 Run Devil Run Blue Jean Bop
6%
1988 CHOBA B CCCP Bring It On Home to Me
6%
1999 Run Devil Run Coquette
6%
1988 CHOBA B CCCP Crackin' Up
6%
2012 Kisses on the Bottom Get Yourself Another Fool
6%
2019 Singles Home Tonight
6%
2019 Singles In a Hurry
6%
1988 CHOBA B CCCP Just Because
6%
1988 CHOBA B CCCP Lawdy, Miss Clawdy
6%
1988 CHOBA B CCCP Lucille
6%
2012 Kisses on the Bottom More I Cannot Wish You
6%
2012 Kisses on the Bottom My Very Good Friend the Milkman
6%
2012 Kisses on the Bottom Only Our Hearts
6%
1985 Singles Spies Like Us
6%
2001 Driving Rain Spinning on an Axis
6%
2012 Kisses on the Bottom The Glory of Love
6%
2012 Kisses on the Bottom The Inch Worm
6%
2004 Singles Tropic Island Hum
6%
2012 Kisses on the Bottom We Three (My Echo, My Shadow and Me)
6%
1999 Run Devil Run What It Is
6%
2019 Singles Get Enough
0%
1999 Run Devil Run I Got Stung
0%
1988 CHOBA B CCCP That's All Right Mama
0%
No matching quizzes found
Score Distribution
Percent of People with Each Score
Percentile by Number Answered
Your Score History
You have not taken this quiz